000 00455nam a2200181Ia 4500
001 2778
005 20260306144832.0
008 260306t2013||||xx |||||||||||||| ||spa||
041 _aESP
082 _a230
_bG84 2013
100 _aGuardini, Romano
_eAUT
245 0 _aLa escencia del cristianismo:
_buna ética para nuestro tiempo
260 _c2013
300 _a360 páginas :
_c18 cm.
650 _aGEN
654 _aCHU
942 _cLIB
_dJUS
_fJUS
_2ddc
_n
999 _c2778
_d2778